[Event "POL-chT 2nd League"]
[Site "Poronin"]
[Date "2020.09.12"]
[Round "8.16"]
[White "Sochacki, Zenon"]
[Black "Panek, Bartosz"]
[Result "0-1"]
[WhiteElo "1881"]
[BlackElo "1979"]
[PlyCount "54"]
[EventDate "2020.09.05"]
[EventType "team-swiss"]
[EventRounds "9"]
[EventCountry "POL"]
[SourceTitle "CBM 198 Extra"]
[Source "ChessBase"]
[SourceDate "2020.11.30"]
[SourceVersion "1"]
[SourceVersionDate "2020.11.30"]
[SourceQuality "1"]
[WhiteTeam "Raciborz Silesia"]
[BlackTeam "Rydultowy Ognisko"]
[WhiteTeamCountry "POL"]
[BlackTeamCountry "POL"]

1. d4 Nf6 2. c4 e5 3. dxe5 Ng4 4. Bf4 g5 5. Bg3 Nc6 6. Nf3 Bg7 7. Nc3 Ngxe5 8. Nxe5 Nxe5 9. e3 d6 10. h4 g4 11. h5 h6 12. Qc2 Be6 13. Bh4 Bf6 14. Bxf6 Qxf6 15. Ne4 Qg7 16. Ng3 0-0 17. Be2 f5 18. 0-0 f4 19. exf4 Rxf4 20. b3 Raf8 21. Rad1 Qg5 22. Bd3 Bf7 23. Be4 Bxh5 24. Bxb7 Bg6 25. Qe2 h5 26. Ne4 Bxe4 27. Bxe4 Rxe4 0-1

[Event "POL-chT 2nd League"]
[Site "Poronin"]
[Date "2020.09.06"]
[Round "2.13"]
[White "Sochacki, Zenon"]
[Black "Krawiec, Grzegorz"]
[Result "1/2-1/2"]
[WhiteElo "1881"]
[BlackElo "1824"]
[PlyCount "97"]
[EventDate "2020.09.05"]
[EventType "team-swiss"]
[EventRounds "9"]
[EventCountry "POL"]
[SourceTitle "CBM 198 Extra"]
[Source "ChessBase"]
[SourceDate "2020.11.30"]
[SourceVersion "1"]
[SourceVersionDate "2020.11.30"]
[SourceQuality "1"]
[WhiteTeam "Raciborz Silesia"]
[BlackTeam "Legnica Miedz"]
[WhiteTeamCountry "POL"]
[BlackTeamCountry "POL"]

1. d4 Nf6 2. c4 e6 3. Nf3 Bb4+ 4. Bd2 a5 5. Nc3 d6 6. Qc2 Nbd7 7. a3 Bxc3 8. Bxc3 d5 9. Nd2 b6 10. e3 Bb7 11. cxd5 Nxd5 12. e4 Nxc3 13. bxc3 Qg5 14. g3 0-0 15. Bg2 Ba6 16. Bf1 Bb7 17. Bg2 Ba6 18. Bf1 Bxf1 19. Kxf1 f5 20. h4 Qg4 21. Qd1 Qg6 22. h5 Qh6 23. e5 g5 24. Kg2 g4 25. f4 gxf3+ 26. Nxf3 Kh8 27. Qd2 Qg7 28. Qg5 Rg8 29. Qxg7+ Rxg7 30. Kf2 Rag8 31. Nh4 Rg5 32. Ng6+ Kg7 33. Nf4 Kf7 34. Rhg1 Nb8 35. Rae1 Rd8 36. Rd1 Nc6 37. Rge1 Ne7 38. c4 c6 39. Re2 b5 40. cxb5 cxb5 41. Rb2 Nd5 42. Rxb5 Nxf4 43. Rb7+ Kf8 44. gxf4 Rxh5 45. Rc1 Rh2+ 46. Kg3 Rd2 47. Rcc7 h6 48. Rh7 Kg8 49. Rxh6 1/2-1/2

[Event "POL-chT 2nd League"]
[Site "Jastrzebia Gora"]
[Date "2019.09.12"]
[Round "6.5"]
[White "Galuszka, Tomasz"]
[Black "Sochacki, Zenon"]
[Result "1-0"]
[WhiteElo "2222"]
[BlackElo "1887"]
[PlyCount "67"]
[EventDate "2019.09.07"]
[EventType "team-swiss"]
[EventRounds "9"]
[EventCountry "POL"]
[SourceTitle "EXT 2020"]
[Source "ChessBase"]
[SourceDate "2019.10.17"]
[SourceVersion "1"]
[SourceVersionDate "2019.10.17"]
[SourceQuality "1"]
[WhiteTeam "Jastrzebie Zdroj Pionier"]
[BlackTeam "Raciborz Silesia"]
[WhiteTeamCountry "POL"]
[BlackTeamCountry "POL"]

1. e4 c6 2. d4 d5 3. Nc3 dxe4 4. Nxe4 Bf5 5. Ng3 Bg6 6. h4 h6 7. Nf3 Nd7 8. h5 Bh7 9. Bd3 Bxd3 10. Qxd3 e6 11. Bd2 Ngf6 12. 0-0-0 Be7 13. Kb1 0-0 14. Ne4 Nxe4 15. Qxe4 Nf6 16. Qe2 Ng4 17. Ne5 Nxe5 18. dxe5 Qc7 19. g4 Rfd8 20. f4 b5 21. g5 Rd5 22. gxh6 gxh6 23. Rhg1+ Kf8 24. f5 Bg5 25. Bxg5 hxg5 26. Rxd5 cxd5 27. Rxg5 exf5 28. Rxf5 Ke7 29. Qf2 Rf8 30. a3 Qd7 31. h6 d4 32. h7 Qc8 33. Qh4+ Kd7 34. Qxd4+ 1-0

[Event "Paris-ch op-C 87th"]
[Site "Paris"]
[Date "2012.07.07"]
[Round "1"]
[White "Pyrovolou, Georges"]
[Black "Sochacki, Zenon"]
[Result "0-1"]
[WhiteElo "1634"]
[BlackElo "1884"]
[PlyCount "66"]
[EventDate "2012.07.07"]
[EventType "swiss"]
[EventRounds "9"]
[EventCountry "FRA"]
[SourceTitle "EXT 2014"]
[Source "ChessBase"]
[SourceDate "2013.11.20"]
[SourceVersion "1"]
[SourceVersionDate "2013.11.20"]
[SourceQuality "1"]

1. d4 d5 2. g3 g6 3. Bg2 Bg7 4. c3 c6 5. e4 dxe4 6. Bxe4 Nf6 7. Bg2 Bg4 8. Nf3 0-0 9. 0-0 Qc8 10. Be3 Na6 11. Qc1 Nd5 12. Bh6 Nac7 13. Bxg7 Kxg7 14. Ne5 f6 15. Nxg4 Qxg4 16. Re1 Rae8 17. Re4 Qf5 18. a3 e5 19. g4 Qd7 20. h3 f5 21. gxf5 Rxf5 22. h4 Nf4 23. Bf3 Nh3+ 24. Kg2 Rxf3 25. Kxf3 Qf5+ 26. Ke3 Nd5+ 27. Kd3 exd4 28. Nd2 Nxf2+ 29. Kc4 Nxe4 30. Nxe4 Rxe4 31. cxd4 Nb6+ 32. Kc3 Qf3+ 33. Kb4 Rxd4+ 0-1

[Event "Rewal op-A 13th"]
[Site "Rewal"]
[Date "2008.08.28"]
[Round "8"]
[White "Puczylowski, Marcin"]
[Black "Sochacki, Zenon"]
[Result "1/2-1/2"]
[WhiteElo "1958"]
[BlackElo "1956"]
[PlyCount "27"]
[EventDate "2008.08.20"]
[EventType "swiss"]
[EventRounds "9"]
[EventCountry "POL"]
[SourceTitle "CBM 126 Extra"]
[Source "ChessBase"]
[SourceDate "2008.11.05"]
[SourceVersion "1"]
[SourceVersionDate "2008.11.05"]
[SourceQuality "1"]

1. e4 c5 2. Nc3 Nc6 3. Nf3 g6 4. d4 cxd4 5. Nxd4 Bg7 6. Nde2 a6 7. g3 b5 8. Bg2 Bb7 9. 0-0 e6 10. f4 Nge7 11. e5 Nd5 12. Ne4 0-0 13. Kh1 Nce7 14. Nf6+ 1/2-1/2

[Event "Rewal op-A 13th"]
[Site "Rewal"]
[Date "2008.08.27"]
[Round "7"]
[White "Sochacki, Zenon"]
[Black "Knap, Jerzy"]
[Result "1/2-1/2"]
[WhiteElo "1956"]
[BlackElo "1974"]
[PlyCount "117"]
[EventDate "2008.08.20"]
[EventType "swiss"]
[EventRounds "9"]
[EventCountry "POL"]
[SourceTitle "CBM 126 Extra"]
[Source "ChessBase"]
[SourceDate "2008.11.05"]
[SourceVersion "1"]
[SourceVersionDate "2008.11.05"]
[SourceQuality "1"]

1. f4 Nf6 2. b3 d5 3. Bb2 e6 4. Nf3 c5 5. e3 Nc6 6. Bb5 Bd7 7. 0-0 Be7 8. d3 0-0 9. Nbd2 a6 10. Bxc6 Bxc6 11. Ne5 Rc8 12. g4 Nd7 13. g5 f6 14. gxf6 Bxf6 15. Qg4 Qe7 16. Ndf3 b5 17. Nxd7 Bxd7 18. Bxf6 Rxf6 19. Ne5 Be8 20. Rf2 Bg6 21. Kh1 Bf5 22. Qg2 Rh6 23. Rg1 Rc7 24. Qg5 Rh3 25. Qxe7 Rxe7 26. Re1 Rh6 27. Rd2 Rf6 28. Kg2 Bg6 29. Kg3 Rf8 30. Rc1 Rc7 31. c4 Rd8 32. cxd5 exd5 33. Kg4 Bf7 34. Rdc2 Rdc8 35. f5 c4 36. bxc4 bxc4 37. dxc4 dxc4 38. Rc3 Kf8 39. e4 Ke7 40. Ra3 c3 41. Rxa6 c2 42. Kf4 Bh5 43. Ke3 Be8 44. Ra3 Bh5 45. Nd3 Bd1 46. Nb2 Rd7 47. Rd3 Rxd3+ 48. Kxd3 Rd8+ 49. Ke3 Kf6 50. Nd3 Rb8 51. Ne1 Rb2 52. a4 Ra2 53. a5 Ke5 54. Nd3+ Kf6 55. Nb4 Ra3+ 56. Kd4 Ra4 57. Kc3 Rxa5 58. Nxc2 Bxc2 59. Rxc2 1/2-1/2

[Event "Rewal op-A 13th"]
[Site "Rewal"]
[Date "2008.08.22"]
[Round "3"]
[White "Cagara, Paulina"]
[Black "Sochacki, Zenon"]
[Result "1-0"]
[WhiteElo "2078"]
[BlackElo "1956"]
[PlyCount "65"]
[EventDate "2008.08.20"]
[EventType "swiss"]
[EventRounds "9"]
[EventCountry "POL"]
[SourceTitle "CBM 126 Extra"]
[Source "ChessBase"]
[SourceDate "2008.11.05"]
[SourceVersion "1"]
[SourceVersionDate "2008.11.05"]
[SourceQuality "1"]

1. c4 c5 2. Nc3 Nc6 3. Nf3 g6 4. g3 Bg7 5. Bg2 e5 6. d3 Nge7 7. e4 0-0 8. 0-0 f5 9. Be3 d6 10. Qd2 Nd4 11. Bg5 Be6 12. Nxd4 exd4 13. Ne2 Qd7 14. Nf4 Bf7 15. Bxe7 Qxe7 16. exf5 Bh6 17. fxg6 Be8 18. Nd5 Qg7 19. gxh7+ Qxh7 20. f4 Bg6 21. Rad1 Rae8 22. Rfe1 Rxe1+ 23. Qxe1 Bxd3 24. Qe6+ Kh8 25. Rxd3 Qxd3 26. Qxh6+ Kg8 27. Qg5+ Kh8 28. Qh6+ Kg8 29. Qe6+ Kg7 30. Qg4+ Kf7 31. h4 Rg8 32. Qd7+ Kf8 33. Qe7# 1-0

[Event "Rewal op-A 13th"]
[Site "Rewal"]
[Date "2008.08.20"]
[Round "1"]
[White "Szromba, Krzysztof"]
[Black "Sochacki, Zenon"]
[Result "1-0"]
[WhiteElo "2186"]
[BlackElo "1956"]
[PlyCount "149"]
[EventDate "2008.08.20"]
[EventType "swiss"]
[EventRounds "9"]
[EventCountry "POL"]
[SourceTitle "CBM 126 Extra"]
[Source "ChessBase"]
[SourceDate "2008.11.05"]
[SourceVersion "1"]
[SourceVersionDate "2008.11.05"]
[SourceQuality "1"]

1. d4 d5 2. c4 c6 3. e3 Bf5 4. Nc3 e6 5. Nf3 Nf6 6. Qb3 Qc7 7. Be2 Be7 8. 0-0 Nbd7 9. Bd2 Ne4 10. Rac1 Bg4 11. Rfd1 dxc4 12. Qxc4 Nxc3 13. Qxc3 0-0 14. e4 Nf6 15. Qc2 Rfd8 16. Be3 Qa5 17. a3 Bh5 18. b4 Qc7 19. Bd3 Bxf3 20. gxf3 h6 21. Kh1 Nh5 22. Qd2 e5 23. Rg1 Nf4 24. Bxf4 exf4 25. e5 Bg5 26. e6 fxe6 27. Bc4 Qd6 28. Qe2 Re8 29. Qe4 Kf8 30. Rg4 Rad8 31. Rd1 e5 32. h4 exd4 33. Qh7 Qf6 34. hxg5 hxg5 35. Rgg1 Qh6+ 36. Qxh6 gxh6 37. Kg2 Kg7 38. Rd2 b6 39. Rgd1 c5 40. Rb1 Re7 41. bxc5 bxc5 42. Rb5 Rc8 43. Ra5 Rcc7 44. Rd1 Rc6 45. Bd5 Rcc7 46. Bc4 Rc6 47. Rb1 Rb6 48. Rxb6 axb6 49. Rb5 Ra7 50. Rb3 Ra4 51. Bb5 c4 52. Bxa4 cxb3 53. Bxb3 Kf6 54. Kf1 h5 55. Bc4 Ke5 56. Bf7 h4 57. Bc4 Kd6 58. Ke2 h3 59. Kf1 Kc5 60. Bd3 b5 61. Kg1 b4 62. axb4+ Kxb4 63. Kh2 Kc3 64. Ba6 d3 65. Kxh3 Kd2 66. Kg4 Ke2 67. Bxd3+ Kxd3 68. Kxg5 Kd4 69. Kxf4 Kd5 70. Kf5 Kd6 71. Kf6 Kd7 72. Kf7 Kd6 73. f4 Kd5 74. f5 Ke5 75. f6 1-0

[Event "POL-chT3 Slaskie"]
[Site "Poland"]
[Date "2008.02.19"]
[Round "3.8"]
[White "Sochacki, Zenon"]
[Black "Kasperlik, Adam"]
[Result "1-0"]
[WhiteElo "1971"]
[BlackElo "2014"]
[PlyCount "109"]
[EventDate "2008.02.03"]
[EventType "team-swiss"]
[EventRounds "9"]
[EventCountry "POL"]
[SourceTitle "EXT 2019"]
[Source "ChessBase"]
[SourceDate "2018.10.10"]
[SourceVersion "1"]
[SourceVersionDate "2018.10.10"]
[SourceQuality "1"]

1. d4 Nf6 2. c4 g6 3. f3 Bg7 4. e4 d6 5. Nc3 Nc6 6. Nge2 a6 7. Bg5 Rb8 8. a4 0-0 9. Qd2 Re8 10. Rb1 e5 11. d5 Nd4 12. Nxd4 exd4 13. Ne2 h6 14. Bf4 Nh5 15. Bxh6 Qh4+ 16. Kd1 d3 17. Nc3 Ng3 18. Bxg7 Nxh1 19. Qh6 Qxh6 20. Bxh6 f6 21. Be3 Kf7 22. Bxd3 Rh8 23. Bg1 Bd7 24. b4 Rh5 25. c5 Rbh8 26. cxd6 cxd6 27. h3 Rg5 28. g4 Rxh3 29. Ke2 Bxg4 30. fxg4 Rxg4 31. Kd2 Rg2+ 32. Ne2 Ng3 33. Be3 f5 34. exf5 gxf5 35. Bf4 Nxe2 36. Bxe2 Ra3 37. Rb2 Ke7 38. a5 Rf2 39. Bg5+ Kd7 40. Ke1 Rg2 41. Bb5+ axb5 42. Rxg2 Rb3 43. Bd2 Rd3 44. Ke2 Rxd5 45. Bc3 f4 46. Rg7+ Kc6 47. Rf7 Rh5 48. Rxf4 Rh2+ 49. Kd3 Rg2 50. Rf6 b6 51. axb6 Kxb6 52. Rxd6+ Kc7 53. Rh6 Rg8 54. Be5+ Kb7 55. Bd4 1-0

[Event "POL-chT3 Liga Slaska"]
[Site "Poland"]
[Date "2007.05.12"]
[Round "8"]
[White "Ziebinski, Bartosz"]
[Black "Sochacki, Zenon"]
[Result "1/2-1/2"]
[WhiteElo "1866"]
[BlackElo "2032"]
[PlyCount "40"]
[EventDate "2007.01.28"]
[EventType "team-swiss"]
[EventRounds "9"]
[EventCountry "POL"]
[SourceTitle "EXT 2011"]
[Source "ChessBase"]
[SourceDate "2010.11.26"]
[SourceVersion "1"]
[SourceVersionDate "2010.11.26"]
[SourceQuality "1"]
[WhiteTeam "Czestochowa UKS Hetman"]
[BlackTeam "Raciborz KSz Silesia II"]
[WhiteTeamCountry "POL"]
[BlackTeamCountry "POL"]

1. e4 c6 2. d4 d5 3. e5 Bf5 4. h4 Bd7 5. Bd3 e6 6. Ne2 c5 7. c3 Qb6 8. Nd2 Nc6 9. Nf3 cxd4 10. cxd4 Bb4+ 11. Bd2 Nge7 12. a3 Bxd2+ 13. Qxd2 Na5 14. Rd1 Ba4 15. Rb1 Nb3 16. Qf4 h6 17. 0-0 Bb5 18. Qe3 Nf5 19. Bxf5 Bxe2 20. Qxe2 exf5 1/2-1/2